The communities we have lost and can regain / (Record no. 18052)
[ view plain ]
| 000 -LEADER | |
|---|---|
| fixed length control field | 00994 am a2200289ua 4500 |
| 001 - CONTROL NUMBER | |
| control field | 008835579 |
| 005 - DATE AND TIME OF LATEST TRANSACTION | |
| control field | 20140302115601.0 |
| 008 - FIXED-LENGTH DATA ELEMENTS--GENERAL INFORMATION | |
| fixed length control field | 980604s1997 xxk grb 001 0 eng d |
| 020 ## - INTERNATIONAL STANDARD BOOK NUMBER | |
| International Standard Book Number | 1898001359 (pbk) |
| 040 ## - CATALOGING SOURCE | |
| Original cataloging agency | Uk |
| Transcribing agency | Uk |
| 043 ## - GEOGRAPHIC AREA CODE | |
| Geographic area code | e-uk--- |
| 082 04 - DEWEY DECIMAL CLASSIFICATION NUMBER | |
| Classification number | 363.50941 |
| Edition number | 22 |
| Item number | YOU |
| 100 1# - MAIN ENTRY--PERSONAL NAME | |
| Personal name | Young, Michael Dunlop, |
| Dates associated with a name | 1915-2002 |
| 9 (RLIN) | 35128 |
| 245 14 - TITLE STATEMENT | |
| Title | The communities we have lost and can regain / |
| Statement of responsibility, etc | Michael Young and Gerard Lemos with research by Lesley Cullen. |
| 260 ## - PUBLICATION, DISTRIBUTION, ETC. (IMPRINT) | |
| Place of publication, distribution, etc | London : |
| Name of publisher, distributor, etc | Lemos & Crane, |
| Date of publication, distribution, etc | 1997. |
| 300 ## - PHYSICAL DESCRIPTION | |
| Extent | xii, 116 p. ; |
| Dimensions | 22 cm. |
| 500 ## - GENERAL NOTE | |
| General note | Index : p. 113-116. |
| 504 ## - BIBLIOGRAPHY, ETC. NOTE | |
| Bibliography, etc | Bibliography : p. 107-112. |
| 650 #0 - SUBJECT ADDED ENTRY--TOPICAL TERM | |
| Topical term or geographic name as entry element | Housing policy |
| Geographic subdivision | Great Britain |
| 9 (RLIN) | 35130 |
| 650 #0 - SUBJECT ADDED ENTRY--TOPICAL TERM | |
| Topical term or geographic name as entry element | Community life |
| Geographic subdivision | Great Britain |
| 9 (RLIN) | 35131 |
| 651 #0 - SUBJECT ADDED ENTRY--GEOGRAPHIC NAME | |
| Geographic name | Great Britain |
| General subdivision | Social conditions |
| Chronological subdivision | 1945- |
| 9 (RLIN) | 33414 |
| 653 ## - INDEX TERM--UNCONTROLLED | |
| Resource For college | Generalities |
| Arrived date list | February2014 |
| 655 ## - INDEX TERM--GENRE/FORM | |
| Form subdivision | |
| -- | 34232 |
| 700 1# - ADDED ENTRY--PERSONAL NAME | |
| Personal name | Lemos, Gerard |
| 9 (RLIN) | 35129 |
| 700 1# - ADDED ENTRY--PERSONAL NAME | |
| Personal name | Cullen, Lesley, |
| 9 (RLIN) | 35133 |
| Dates associated with a name | 1945- |
| Relator term | researcher. |
| 942 ## - ADDED ENTRY ELEMENTS (KOHA) | |
| Source of classification or shelving scheme | Dewey Decimal Classification |
| Call number prefix | 363.50941 YOU |
| Withdrawn status | Item status | Source of classification or shelving scheme | Damaged status | Not for loan | Vendor | Home library | Current library | Shelving location | Date acquired | Source of acquisition | Total Checkouts | Full call number | Barcode | Date last seen | Koha item type |
|---|---|---|---|---|---|---|---|---|---|---|---|---|---|---|---|
| Dewey Decimal Classification | Donation-Gift | Central Library | Central Library | First floor | 06/02/2014 | Donation | 363.50941 YOU | 000035606 | 15/07/2025 | Book - Borrowing |